LEADER 01532nam0 2200337 i 450 001 TO00331707 005 20251003044404.0 010 $a8814050341 020 $aIT$b95-10205 100 $a20130827d1995 ||||0itac50 ba 101 | $aita 102 $ait 181 1$6z01$ai $bxxxe 182 1$6z01$an 200 1 $aˆLe ‰imposte indirette sugli affari$fEnrico Potito 210 $aMilano$cA. Giuffrè$d1995 215 $a212 p.$d24 cm. 606 $aImposte indirette$2FIR$3SBLC133244$9I 676 $a343.05$9DIRITTO RELATIVO A SPECIFICI TIPI D'IMPOSTA.$v12 676 $a343.45055$9IMPOSTE INDIRETTE. ITALIA$v21 700 1$aPotito$b, Enrico$3CFIV112340$4070$0110176 801 3$aIT$bIT-000000$c20130827 850 $aIT-BN0095 $aIT-NA0070 901 $bNAP 01$cLT $n$ 901 $bNAP BU$c5 B $nPropedeutica. Formato cm. 20,1-28. 901 $bNAP 01$cPOZZO LIB.$nVi sono collocati fondi di economia, periodici di ingegneria e scienze, periodici di economia e statistica e altri fondi comprendenti documenti di economia pervenuti in dono. 912 $aTO00331707 950 0$aBiblioteca Centralizzata di Ateneo$c1 v.$d 01LT (AR) 20 B 858$e 01AR 0700208585 VMA 1 v.$fB $h20140409$i20140409$c1 v.$d 01POZZO LIB.ECON MON 4358$e 0101 0000126355E VMA 1 v.$fB $h20210319$i20210319 977 $a 01$a BU 996 $aImposte indirette sugli affari$9443421 997 $aUNISANNIO